000 00847cab a2200229 4500
001 ABS47975
008 090401t1993 xxu||||| |||| 00| 0 eng d
035 _a(Sirsi) u64258
041 _aeng
100 _aSpring, M.
245 _aLaboratory experiments
260 _c1993
350 _a0
490 _aBuilding
_v258(7780) 5 February 1993, 25-29(5)
520 _aTechnological innovation has transformed the design of laboratories; computerised building services accounting now for up to 70% of construction costs. Case studies are presented of two laboratories representing a radically new approach to a generic architecture.
650 _aHEALTH AND SAFETY EXECUTIVE
650 _aLABORATORIES
650 _aMAFF CENTRAL SCIENCE LABORATORY
690 _aBUILT ENVIRONMENT-CONSTRUCTION DESIGN
942 _n0
948 _c04/03/1997
999 _c40009
_d40009